|
|
|
|
| LEADER |
00000cam a2200000 cb4500 |
| 001 |
107823020X |
| 003 |
DE-627 |
| 005 |
20260224150251.0 |
| 007 |
tu |
| 008 |
850101s1981 xx ||||| 00| ||ger c |
| 020 |
|
|
|a 3463240130
|
| 035 |
|
|
|a (DE-627)107823020X
|
| 035 |
|
|
|a (DE-576)00823020X
|
| 035 |
|
|
|a (DE-599)BSZ00823020X
|
| 035 |
|
|
|a (OCoLC)257320066
|
| 040 |
|
|
|a DE-627
|b ger
|c DE-627
|e rakwb
|
| 041 |
|
|
|a ger
|
| 084 |
|
|
|a 1
|2 ssgn
|
| 084 |
|
|
|a CM 2000
|2 rvk
|0 (DE-625)rvk/18942:
|
| 084 |
|
|
|a CM 1000
|2 rvk
|0 (DE-625)rvk/18940:
|
| 245 |
0 |
0 |
|a Anwendungen im Berufsleben
|b Arbeits-, Wirtschafts- und Verkehrspsychologie
|c hrsg. von François Stoll
|
| 264 |
|
1 |
|a Zürich
|b Kindler
|c 1981
|
| 300 |
|
|
|a XIV, 1172 S.
|b graph. Darst.
|
| 336 |
|
|
|a Text
|b txt
|2 rdacontent
|
| 337 |
|
|
|a ohne Hilfsmittel zu benutzen
|b n
|2 rdamedia
|
| 338 |
|
|
|a Band
|b nc
|2 rdacarrier
|
| 490 |
1 |
|
|a Die Psychologie des 20. [Zwanzigsten] Jahrhunderts / [Planung des Gesamtwerkes: Heinrich Balmer ...]
|v 13
|
| 583 |
1 |
|
|a Archivierung/Langzeitarchivierung gewährleistet
|c 2026
|f SLG
|x XA-DE-BW
|2 pdager
|5 DE-289
|
| 583 |
1 |
|
|a Archivierung/Langzeitarchivierung gewährleistet
|f SSG
|x XA-DE-BW
|2 pdager
|5 DE-21
|
| 601 |
|
|
|a Wirtschaft
|
| 650 |
|
0 |
|a Psychology, Industrial
|x Addresses and lectures
|
| 689 |
0 |
0 |
|d s
|0 (DE-588)4002767-3
|0 (DE-627)106392093
|0 (DE-576)208848614
|2 gnd
|a Arbeitspsychologie
|
| 689 |
0 |
1 |
|d s
|0 (DE-588)4066506-9
|0 (DE-627)10611333X
|0 (DE-576)209164840
|2 gnd
|a Wirtschaftspsychologie
|
| 689 |
0 |
2 |
|d s
|0 (DE-588)4062958-2
|0 (DE-627)106129643
|0 (DE-576)209146737
|2 gnd
|a Verkehrspsychologie
|
| 689 |
0 |
|
|5 (DE-627)
|
| 700 |
1 |
|
|8 1\p
|e Hrsg.
|0 (DE-588)141807008
|0 (DE-627)70406796X
|0 (DE-576)326019499
|4 edt
|a Stoll, François
|d 1939-
|
| 830 |
|
4 |
|a Die Psychologie des 20. Jahrhunderts
|v 13
|9 13
|w (DE-627)1075220998
|w (DE-576)005220998
|7 am
|
| 883 |
|
|
|8 1\p
|a cgwrk
|d 20241001
|q DE-101
|u https://d-nb.info/provenance/plan#cgwrk
|
| 935 |
|
|
|a mteo
|
| 936 |
r |
v |
|a CM 2000
|b Geschichte der Psychologie
|k Psychologie
|k Allgemeines. Geschichte und Methodik
|k Geschichte der Psychologie
|0 (DE-627)1270707531
|0 (DE-625)rvk/18942:
|0 (DE-576)200707531
|
| 936 |
r |
v |
|a CM 1000
|b Allgemeine und einführende Werke
|k Psychologie
|k Allgemeines. Geschichte und Methodik
|k Allgemeine und einführende Werke
|0 (DE-627)1270708856
|0 (DE-625)rvk/18940:
|0 (DE-576)200708856
|
| 951 |
|
|
|a MV
|
| ELC |
|
|
|b 1
|
| ITA |
|
|
|a 1
|t 1
|
| LOK |
|
|
|0 000 xxxxxcx a22 zn 4500
|
| LOK |
|
|
|0 001 2064639055
|
| LOK |
|
|
|0 003 DE-627
|
| LOK |
|
|
|0 004 107823020X
|
| LOK |
|
|
|0 005 20020606000000
|
| LOK |
|
|
|0 008 910624||||||||||||||||ger|||||||
|
| LOK |
|
|
|0 040
|a DE-21
|c DE-627
|d DE-21
|
| LOK |
|
|
|0 852
|a DE-21
|
| LOK |
|
|
|0 852 1
|c KB 7 A 868-13
|9 00
|
| LOK |
|
|
|0 935
|a krim
|
| LOK |
|
|
|0 936ln
|a k7.3.2.6
|
| LOK |
|
|
|0 939
|a 24-06-91
|b l01
|
| LOK |
|
|
|0 000 xxxxxcx a22 zn 4500
|
| LOK |
|
|
|0 001 206463911X
|
| LOK |
|
|
|0 003 DE-627
|
| LOK |
|
|
|0 004 107823020X
|
| LOK |
|
|
|0 005 20100408131420
|
| LOK |
|
|
|0 008 950321||||||||||||||||ger|||||||
|
| LOK |
|
|
|0 040
|a DE-21-35
|c DE-627
|d DE-21-35
|
| LOK |
|
|
|0 541
|e 1981/63949
|
| LOK |
|
|
|0 852
|a DE-21-35
|
| LOK |
|
|
|0 852 1
|c Pw 0.048-13
|m p
|9 00
|
| LOK |
|
|
|0 938
|k p
|
| LOK |
|
|
|0 939
|a 21-03-95
|b l01
|
| LOK |
|
|
|0 000 xxxxxcx a22 zn 4500
|
| LOK |
|
|
|0 001 2064639136
|
| LOK |
|
|
|0 003 DE-627
|
| LOK |
|
|
|0 004 107823020X
|
| LOK |
|
|
|0 005 20100407035851
|
| LOK |
|
|
|0 008 030402||||||||||||||||ger|||||||
|
| LOK |
|
|
|0 040
|a DE-21-51
|c DE-627
|d DE-21-51
|
| LOK |
|
|
|0 541
|e 12882
|
| LOK |
|
|
|0 852
|a DE-21-51
|
| LOK |
|
|
|0 852 1
|c Va 155.13
|m p
|9 00
|
| LOK |
|
|
|0 935
|a k051
|
| LOK |
|
|
|0 938
|k p
|
| LOK |
|
|
|0 939
|a 02-04-03
|b l01
|
| LOK |
|
|
|0 000 xxxxxcx a22 zn 4500
|
| LOK |
|
|
|0 001 2522006819
|
| LOK |
|
|
|0 003 DE-627
|
| LOK |
|
|
|0 004 107823020X
|
| LOK |
|
|
|0 005 20061201132535
|
| LOK |
|
|
|0 008 061201||||||||||||||||ger|||||||
|
| LOK |
|
|
|0 040
|a DE-21-93
|c DE-627
|d DE-21-93
|
| LOK |
|
|
|0 541
|e 81/283
|
| LOK |
|
|
|0 852
|a DE-21-93
|
| LOK |
|
|
|0 852 1
|c Ps Nb 1-13
|m p
|9 00
|
| LOK |
|
|
|0 935
|a k093
|a i093
|a kneu
|
| LOK |
|
|
|0 938
|k p
|
| LOK |
|
|
|0 939
|a 01-12-06
|b l01
|
| LOK |
|
|
|0 000 xxxxxcx a22 zn 4500
|
| LOK |
|
|
|0 001 2697820434
|
| LOK |
|
|
|0 003 DE-627
|
| LOK |
|
|
|0 004 107823020X
|
| LOK |
|
|
|0 005 20111213121732
|
| LOK |
|
|
|0 008 111213||||||||||||||||ger|||||||
|
| LOK |
|
|
|0 040
|a DE-21-43
|c DE-627
|d DE-21-43
|
| LOK |
|
|
|0 541
|e 81/527
|
| LOK |
|
|
|0 852
|a DE-21-43
|
| LOK |
|
|
|0 852 1
|c Ab 150 XIII
|m p
|9 00
|
| LOK |
|
|
|0 935
|a k043
|
| LOK |
|
|
|0 938
|k p
|
| LOK |
|
|
|0 939
|a 13-12-11
|b l01
|
| LOK |
|
|
|0 000 xxxxxcx a22 zn 4500
|
| LOK |
|
|
|0 001 278485454X
|
| LOK |
|
|
|0 003 DE-627
|
| LOK |
|
|
|0 004 107823020X
|
| LOK |
|
|
|0 005 20150202155643
|
| LOK |
|
|
|0 008 140227||||||||||||||||ger|||||||
|
| LOK |
|
|
|0 040
|a DE-21-110
|c DE-627
|d DE-21-110
|
| LOK |
|
|
|0 689
|a s
|a Sozialpsychologie
|
| LOK |
|
|
|0 689
|a s
|a Wirtschaft
|
| LOK |
|
|
|0 689
|a s
|a Verkehrspsychologie
|
| LOK |
|
|
|0 852
|z Kein Bestand am IfK; Nachweis für KrimDok
|
| LOK |
|
|
|0 852
|a DE-21-110
|
| LOK |
|
|
|0 852 1
|m v
|9 00
|
| LOK |
|
|
|0 935
|a k110
|
| LOK |
|
|
|0 938
|k v
|
| LOK |
|
|
|0 939
|a 27-02-14
|b l01
|
| ORI |
|
|
|a TA-MARC-ixtheoa001.raw
|
| STA |
0 |
0 |
|a Economic psychology,Industrial psychology,Traffic psychology
|
| STB |
0 |
0 |
|a Psychologie de l'économie,Psychologie des transports,Psychologie du travail
|
| STC |
0 |
0 |
|a Psicología de la economía,Psicología de trabajo,Psicología de tránsito
|
| STD |
0 |
0 |
|a Psicologia del lavoro,Psicologia del traffico,Psicologia dell'economia,Psicologia economica,Psicologia economica
|
| STE |
0 |
0 |
|a 经济心理学
|
| STF |
0 |
0 |
|a 經濟心理學
|
| STG |
0 |
0 |
|a Psicologia da economia,Psicologia de trabalho,Psicologia de trânsito
|
| STH |
0 |
0 |
|a Психология дорожного движения,Психология труда,Психология экономики
|
| STI |
0 |
0 |
|a Εργασιακή ψυχολογία,Οικονομική ψυχολογία,Ψυχολογία της κυκλοφορίας
|
| SYG |
0 |
0 |
|a Industrielle Psychotechnik,Betrieb , Wirtschaft,Business psychology , Verkehrsverhalten
|